Представление документа в формате RUSMARC

ПолеНазваниеЗначение
  Тип записи a
  Библиографический уровень m
001 Контрольный номер f969251a224e4868b6597d75572a3b43
005 Дата корректировки 20140628103549.7
010 Индекс ISBN __
a ISBN 5-8212-0130-6
200 Заглавие и сведения об ответственности 1_
a Заглавие Налоговые преступления
f Первые сведения об ответственности М-во внутр.дел России.Всерос.науч.-исслед.ин-т.Акад.налоговой полиции ФСНП
210 Выходные данные 1_
a Место издания М.
c Издательство Экзамен
d Дата издания 2001
215 Физическое описание __
a Объем 333 с.
610 Ключевые слова 0_
a Ключевые слова налоговые преступления
610 Ключевые слова 0_
a Ключевые слова предупреждение налоговой преступности
686 Индексы других классификаций __
a Классификационный индекс 67
2 Код системы rubbk
686 Индексы других классификаций __
a Классификационный индекс 67.622.2
2 Код системы rubbk
700 Автор _1
a Фамилия Ларичев Василий Дмитриевич
701 Альтернативная интеллектуальная ответственность _1
a Фамилия Бембетов Александр Петрович
801 Источник записи _0
a Страна RU
b Организация РУК
c Дата составления 20020625
g Правила каталогизации PSBO
801 Источник записи _1
a Страна RU
b Организация РУК
c Дата составления 20020625
g Правила каталогизации PSBO
852 Данные о местонахождении __
i Авторский знак Л25
j Шифр хранения ББК 67
901 Тип документа __
t Тип документа m
938 Служебная информация __
a Название организации Головной вуз
b Имя БД BOOK
c Название АИБС АИБС ИРБИС